000 00653nam a2200277Ia 4500
005 20260324132440.0
008 008 260324s9999 xx 000 0 eng d
020 _a9780203008881
037 _aEBOOK
040 _aCRL
040 _beng
040 _cCRL
041 _2eng
041 _aeng
084 _qCRL
100 _aJay Haley; Madeleine Richeport-Haley
_91181576
245 4 _aThe Art of Strategic Therapy
260 _bTaylor and Francis
260 _c2004
365 _a
365 _b180
856 _uhttp://www.taylorfrancis.com/books/9780203008881
942 _cEBOOK
999 _c1787451
_d1787451